000 00911nac a22002657a 4500
001 BR8501540
003 BR-BrBNA
005 20240105120253.0
008 230509b bl.|||m| |||| 00| 0 por d
040 _aBR-BrBNA
_bpor
_cBiblioteca Nacional de Agricultura
072 _aL30; L00
090 _a5214 BR8501540
100 1 _aAssis, A.G. de
110 1 _aCentro Nacional de Pesquisa de Gado de Leite, Coronel Pacheco, MG (Brasil)
_91775
245 1 _aAlimentacao de matrizes em final de gestacao
260 3 _aCoronel Pacheco, MG (Brasil):
_c1985.
300 _a44 p.
490 _aDocumentos - Centro Nacional de Pesquisa de Gado de Leite (Brazil)
_vno. 13
_xISSN 0101-0581
500 _a9 tables; 9 graphs; Bibliography p. 20-26 (54 ref.)
650 _aMATRIZ
650 _aREPRODUCAO ANIMAL
650 _aVACA LEITEIRA
909 _a202312
_bLúcia Elande
_c55
_dLúcia Elande
942 _2AGRIS
_n0
_cMS
999 _c278600
_d278600